Vplyv zavedenia EURA na bankový sektor diplomová práca

Uložené v:
Podrobná bibliografia
Hlavný autor: Borský, Miloš
Korporativný autor: Obchodná fakulta EU. Katedra medzinárodného obchodu
Ďalší autori: Poliačik, Ivan
Médium: Kniha
Jazyk:Slovak
Vydavateľské údaje: Bratislava 2008
Tagy: Pridať tag
Žiadne tagy, Buďte prvý, kto otaguje tento záznam!

MARC

LEADER 00000nam$a2200000$$$4500
001 0085721
005 20240201120719.7
041 0 |a slo 
044 |a SK 
245 1 0 |a Vplyv zavedenia EURA na bankový sektor  |b diplomová práca  |c Miloš Borský ; škol. Ivan Poliačik 
264 1 |a Bratislava  |c 2008 
300 |a 119 s. 
100 1 |a Borský, Miloš 
700 1 |a Poliačik, Ivan 
710 2 |a Obchodná fakulta EU. Katedra medzinárodného obchodu